000 00730nam a2200253 a 4500
001 54041
003 BD-RjUL
005 20211209080050.0
008 161101s1972 nyu b 001 0 eng
035 _a(BD-RjUL)54163
040 _aDLC
_cDLC
_dOCL
_dEQO
_beng
041 _aeng
082 _a519.2
_223
_bBUM 1972
100 1 _aBurrill, Claude W.
_9161351
245 1 0 _aMeasure, integration, and probability /
_cClaude W. Burrill.
260 _aNew York :
_bMcGraw-Hill,
_c1972
300 _axiv, 464 p. ;
_c23 cm.
504 _aBibliography: p. 455-456.
650 0 _aProbabilities.
_9161352
650 0 _aMeasure theory.
_9151800
650 0 _aIntegrals, Generalized.
_9151799
942 _2ddc
_cBK
999 _c54041
_d54041